| 000 | 00000nam##2200000za#4500 |
| 001 | 9.592334 |
| 003 | CaOODSP |
| 005 | 20210624201155 |
| 007 | cr ||||||||||| |
| 008 | 150406|2003||||xxc|||||o f|0| 0 fre|d |
| 040 | |aCaOODSP|bfre |
| 043 | |an-cn--- |
| 086 | 1 |aBT31-4/11-2003F-PDF |
| 110 | 1 |aCanada. |bConseil du trésor. |
| 245 | 10|aRapport sur le rendement de la Gendarmerie royale du Canada de 2002-2003 |h[ressource électronique] |
| 260 | |bSecrétariat du Conseil du Trésor du Canada |c2003. |
| 300 | |a86p.|bglossaire, graphiques, ill., carte, organigramme, tableaux, photographies |
| 490 | 1 |aRapport sur le rendement pour la période se terminant le 31 mars 2003 |
| 590 | |a12-06-Supp|b2012-03-07 |
| 691 | 07|aÉvaluation du rendement|2gcpds |
| 691 | 07|aInstitution fédérale|2gcpds |
| 691 | 07|aService de police|2gcpds |
| 775 | 08|tRoyal Canadian Mounted Police, performance report 2002-2003 |w(CaOODSP)9.559593 |
| 776 | 0#|tRoyal Canadian Mounted Police |w(CaOODSP)9.538472 |
| 776 | 0#|tGendarmerie royale du Canada |w(CaOODSP)9.538473 |
| 830 | #0|aRapport sur le rendement pour la période se terminant le 31 mars 2003.|w(CaOODSP)9.501309 |
| 856 | 40|ahttp://publications.gc.ca|qPDF|s1645 Ko|uhttps://publications.gc.ca/collections/Collection/BT31-4-11-2003F.pdf |